| 000 | 00866nam a22002177a 4500 | ||
|---|---|---|---|
| 999 |
_c4501 _d4501 |
||
| 001 | 12470 | ||
| 003 | BD-DhUAP | ||
| 005 | 20201111155214.0 | ||
| 008 | 201111r20032007bg a|||| |||| 00| 0 ben d | ||
| 020 | _a8177563424 | ||
| 040 |
_aBD-DhUAP _bBen _cBD-DhUAP _dBD-DhUAP |
||
| 082 |
_223 _a743.43 RAY |
||
| 100 | _aরায়, সত্যজিৎ। | ||
| 245 |
_aপ্রতিকৃতি : _bসত্যজিৎ রায়ের আকাঁ শতাধিক পোট্রেট / _cসত্যজিৎ রায় ; সৌম্যেন পাল। |
||
| 250 | _a২য় সং.। | ||
| 260 |
_aঢাকা : _bআনন্দ, _c২০০৩ [মুদ্রণ ২০০৭]। |
||
| 300 |
_a১৭২ পৃষ্ঠা ; _c২২ সেমি.। |
||
| 650 | _aPortrait. | ||
| 700 | _aপাল, সৌম্যেন। | ||
| 942 |
_2ddc _cBK |
||